| 000 | 02434ncm0a2200469 4500 | ||
|---|---|---|---|
| 001 | RU\NLR\ONIZ\223417 | ||
| 005 | 20260217124030.6 | ||
| 035 | _a(NLR Aleph) 011690875 | ||
| 071 | 2 | 0 | _aс 1127 к |
| 090 |
_a11337320 _c11337320 |
||
| 100 | _a20180412d1984 u y0rusy50 ca | ||
| 101 | 1 | _arus | |
| 102 | _aRU | ||
| 125 | _aax | ||
| 200 | 1 |
_aВечерок _bНоты _eвок. цикл для сопрано, меццо-сопрано и фп. _h[Ч. 1] _iАльбомчик _fВ. Гаврилин |
|
| 210 |
_aСанкт-Петербург _cКомпозитор _dcop. 1984 |
||
| 215 |
_a54 с. _d29 см |
||
| 300 | _aПредисл.: с. 2 обл. / А. Белоненко | ||
| 300 | _aПеред нот. текстом: З. А. Долухановой | ||
| 300 | _aАвт. слов: В. Гаврилин, А. Шульгина, Г. Гейне (пер. В. Левика), сл. нем. нар. песни | ||
| 606 | 1 |
_aВокальные сочинения для сопрано, меццо-сопрано и фортепиано _yРоссия _z20 в. _2nlr_sh |
|
| 606 | 1 |
_aВокальные циклы _yСССР _z20 в. _2nlr_sh |
|
| 686 |
_aЩ942.29-42-043.2(2Р) _vLBC/SL _2rubbk |
||
| 700 | 1 |
_9z01790 _aГаврилин _bВ. А. _f1939-1999 _gВалерий Александрович _4230 _7ca |
|
| 702 | 1 |
_9z06790 _aДолуханова _bЗ.А. _cмеццо-сопрано _f1918-2007 _gЗара Александровна _4280 _7ca |
|
| 702 | 1 |
_9z07790 _aГейне _bГ. _f1797-1856 _gГенрих _4520 _7ca |
|
| 702 | 1 |
_9z08790 _aШульгина _bА.А. _f1937-2009 _gАльбина Александровна _4520 _7ca |
|
| 702 | 1 |
_9z09790 _aЛевик _bВ. В. _f1907-1982 _gВильгельм Вениаминович _3RU\NLR\AUTH\770290677 _4730 _7ca |
|
| 790 | 1 |
_9z01700 _aGavrilin _bV. A. _f1939-1999 _gValerij Aleksandrovič _4230 _7ba |
|
| 790 | 1 |
_9z06702 _aDoluchanova _bZ. A. _f1918-2007 _gZara Aleksandrovna _4280 _7ba |
|
| 790 | 1 |
_9z07702 _aHeine _bH.(.J. _f1797-1856 _gHeinrich (Christian Johann) _4520 _7ba |
|
| 790 | 1 |
_9z08702 _aŠul`gina _bA. _f1937-2009 _gAl`bina _4520 _7ba |
|
| 790 | 1 |
_9z09702 _aLevik _bV. V. _f1907-1982 _gVil`gelm Veniaminovič _4730 _7ba |
|
| 801 | 0 |
_aRU _bNLR _c20180412 _gPSBO |
|
| 801 | 1 |
_aRU _bNLR _c20180412 _2rusmarc |
|
| 801 | 2 |
_aRU _bNLR _c20191017 |
|
| 852 |
_aNLR _jМ К-3/29426 _m267423 _t1 |
||
| 852 |
_aNLR _jМ К-3/29426а _m267990 _t2 |
||
| 942 | _cSCORE | ||
| 980 | _aNB | ||
| 980 | _aONIZ | ||